000
00299nam a22001337a 4500
008
190305b xxu||||| |||| 00| 0 eng d
020
_a
9780827372368
041
_a
eng
080
_2
2nd
_a
510
100
_a
38
101
_a
MAT
245
_a
Technical Mathematics
_c
Peterson, J.C
942
_2
udc
_c
BK
999
_c
54485
_d
54485